000
00460nam a2200169Ia 4500
008
090711s9999 xx 000 0 und d
082
_b
54516
100
_a
ओशो रजनीश
245
_a
भक्तीसुत्र
260
_c
1986
300
_a
60
600
_a
ओशो रजनीश
630
_a
भक्तीसुत्र
700
_a
ओशो रजनीश
730
_a
भक्तीसुत्र
942
_c
BOOK
999
_c
285663
_d
285663